| 000 | 00653nam a2200205Ia 4500 | ||
|---|---|---|---|
| 008 | 191130s2008##################000#0#eng## | ||
| 020 | _a9780199544394 | ||
| 022 | _a2008486681 | ||
| 040 |
_aACL _cACL |
||
| 082 | _a420.9 MUG | ||
| 245 |
_aThe Oxford history of English _cedited by Lynda Mugglestone |
||
| 260 |
_aOxford _bOxford University Press _c2008, c2006 |
||
| 300 | _axi, 485 p. : ill., maps ; 26 cm. | ||
| 500 | _aIncludes bibliographical references (p. [433]-471) and index | ||
| 650 | _aEnglish language - History | ||
| 700 | _aMugglestone, Lynda | ||
| 990 | _afd9d2fb7ac10000c21312f451e9614fe | ||
| 991 | _a385923 | ||
| 999 |
_c294878 _d294878 |
||